000 00839cam a2200193 4500
001 X118478
008 020620n2002 000 0 eng u
035 _a(Sirsi) u118478
100 _aSanghera, P
245 _aOne expert or two?
260 _c2002
490 _aLaw Society's Gazette
_v99(09) 28 February 2002, 33(1)
520 _aOutlines when to apply for separate experts rather than using a single joint expert. Explains factors to be taken into account when making an application to instruct a separate expert. Highlights codes of practice available for experts and encourages their use. Concludes by setting out five key points to consider when dealing with experts.
650 _aEXPERT WITNESSES
650 _aEXPERT EVIDENCE
650 _aCIVIL PROCEDURE RULES 1998
690 _aDispute resolution
_96236
942 _n0
999 _c70533
_d70533